| 000 | 00830nam a22002537a 4500 | ||
|---|---|---|---|
| 005 | 20170123162354.0 | ||
| 010 | _a397055 | ||
| 020 | _c00.00 | ||
| 035 | _a397055 | ||
| 037 | _bCen Lib/Ret | ||
| 040 |
_aDPL _bUR |
||
| 082 |
_a841 _bق ر ے |
||
| 100 |
_aقریشی، عزیز احمد _9475 |
||
| 245 |
_a/ مناظر قدرت کی عکاسی _cعزیز احمد قریشی |
||
| 246 |
_aMunazir-e- qudrat ki akkasi / _bby Aziz Ahmad Qureshi |
||
| 260 |
_aکشمیر _bشاہین بک سٹال _c00?? |
||
| 270 |
_bکشمیر _aسری نگر کشمیر |
||
| 300 |
_a296p. _c13cm(Hb) |
||
| 650 |
_aاردو ادب _9138374 |
||
| 650 |
_aاردو ادب _vشاعری _9138375 |
||
| 650 |
_aUrdu litrerature _9590 |
||
| 650 |
_aUrdu literature _vPoetry _9591 |
||
| 942 |
_2ddc _cUR _h841 _mق ر ے |
||
| 999 |
_c109498 _d109498 |
||